000 00633nam a2200241Ia 4500
003 OSt
005 20220928115506.0
006 a|||||r|||| 00| 0
007 ta
008 220927b |||||||| |||| 00| 0 eng d
024 _a21588
037 _cTextual
040 _aSDCL
_cSDCL
_beng
041 _2eng
_aeng
082 _aU5.41'P, P8
100 _aTuan Yi-Fu
_9444576
245 0 _aHistorical geography of China
260 _aNew Jersey
_bAldine Transaction
_c2008
300 _axi,225p
_ccm.
650 _aHistorical Geography
942 _hU5.41'P, P8
_cTEXL
_2CC
999 _c759642
_d759642